Udara

Bibliographic Details
Main Author: Salmah Zainal Abidin
Format: Book
Published: Cheras : Pustaka Sistem Pelajaran Sdn.Bhd. , 1994
Subjects:

MARC

LEADER 00000cam a2200000 7i4500
001 0000033235
002 000035865
005 20000331.0
020 |a 9679024741 
090 0 0 |a J 363.73   |b UDA 
100 0 |a Salmah Zainal Abidin 
245 1 0 |a Udara   |c penterjemah Salmah Zainal Abidin 
260 |a Cheras :   |b Pustaka Sistem Pelajaran Sdn.Bhd. ,   |c 1994 
300 |a 32p. :   |b ill ;   |c 19cm. 
650 0 0 |a Air warfare   |x Juvenile literature 
999 |a 048359   |b BUKU   |c PINJAMAN   |e PERPUSTAKAAN KOMUNITI PETALING JAYA